000 00789cam a2200205 4500
008 000000n1999 000 0 eng u
020 _a0105566217
035 _a(Sirsi) u103266
050 _a350.713
_c18
110 _aUnited Kingdom
_bNational Audit Office
_91350
245 _aHighways agency
_bgetting the best value from the disposal of property
260 _aLondon
_bStationery Office
_c1999
350 _a10.15
490 _aHC
_v58
520 _aReport considering whether the Highways Agency has achieved best value in disposing of surplus property. View at www.nao.gov.uk.
650 _aSURPLUS PROPERTY
690 _aPROPERTY MANAGEMENT
_96262
856 _uhttps://www.nao.gov.uk/publications/nao_reports/1999-00.htm
_zView the report on the NAO website...
942 _n0
999 _c100112
_d100112